[Event "Cup Moehnesee (open)"]
[Site "masterchessopen.com Moehnesee (Germany)"]
[Date "2009.08.16"]
[Round "6"]
[White "Frombach Ralf (GER)"]
[Black "Heller Achim (GER)"]
[Result "1-0"]
[WhiteElo "2216"]
[BlackElo "2035"]

1.d4 d5 2.c4 c6 3.Nc3 Nf6 4.e3 e6 5.Nf3 Nbd7 6.Bd3 dxc4 7.Bxc4 b5 8.Be2 a6
9.e4 b4 10.e5 bxc3 11.exf6 Bb4 12.O-O Nxf6 13.Qa4 cxb2 14.Bxb2 Nd5 15.Qxc6+
Bd7 16.Qb7 Bd6 17.Bc1 Nc3 18.Bd3 O-O 19.Bg5 Qc7 20.Qxc7 Bxc7 21.Rfc1 Nd5
22.Be4 Bd6 23.Ne5 Ba4 24.Nc4 Bc7 25.Nb2 {#r} 1-0

[Event "Ch Tatarstan (open)"]
[Site "masterchessopen.com Kazan (Russia)"]
[Date "2009.08.23"]
[Round "4"]
[White "Lyanguzov Oleg (RUS)"]
[Black "Fedotov Ivan (RUS)"]
[Result "1-0"]
[WhiteElo "2326"]
[BlackElo "2076"]

1.c4 Nf6 2.Nc3 c6 3.d4 d5 4.Nf3 e6 5.e3 Nbd7 6.Be2 dxc4 7.Bxc4 b5 8.Bd3 Bb7
9.O-O a6 10.e4 c5 11.d5 c4 12.Bc2 Bc5 13.dxe6 fxe6 14.e5 Nd5 15.Ng5 Nf8
16.Nce4 Be7 17.Qh5+ g6 18.Qf3 Qb6 19.Qf7+ Kd7 20.Nf6+ {#r} 1-0

[Event "Ch City (open)"]
[Site "masterchessopen.com Warsaw (Poland)"]
[Date "2009.09.07"]
[Round "9"]
[White "Ponceleusz Bronislaw (POL)"]
[Black "Bernacki Gabriel (POL)"]
[Result "0-1"]
[WhiteElo "1945"]
[BlackElo "1888"]

1.Nf3 Nf6 2.c4 c6 3.Nc3 d5 4.e3 e6 5.d4 Nbd7 6.Bd3 dxc4 7.Bxc4 b5 8.Be2 Bb7
9.O-O b4 10.Na4 c5 11.dxc5 Nxc5 12.Nxc5 Bxc5 13.Qa4+ Ke7 14.Nd4 Qb6 15.Nb3
Rhd8 16.Na5 Bd5 17.Rd1 Rac8 18.Bd2 Ne4 19.Nb3 Bxb3 20.Qxb3 Nxd2 21.Qc2 Bxe3
22.Qxh7 Bxf2+ 23.Kh1 Rh8 24.Qxg7 Rcg8 25.Qe5 Bg3 {#R} 0-1

[Event "It (open)"]
[Site "masterchessopen.com Anapa (Russia)"]
[Date "2009.09.08"]
[Round "9"]
[White "Churkin Vitaly (RUS)"]
[Black "Efanov Nikolai (RUS)"]
[Result "0-1"]
[WhiteElo "2319"]
[BlackElo "2425"]

1.d4 d5 2.c4 c6 3.Nc3 Nf6 4.e3 e6 5.Nf3 Nbd7 6.Bd3 dxc4 7.Bxc4 b5 8.Bd3 b4
9.Ne4 Nxe4 10.Bxe4 Bb7 11.O-O Bd6 12.a3 bxa3 13.b3 Nf6 14.Nd2 Nxe4 15.Nxe4
Bxh2+ 16.Kxh2 Qh4+ 17.Kg1 Qxe4 18.f3 Qg6 19.Bxa3 h5 20.Qd2 Qg3 21.Qa5 h4
22.Ra2 f6 23.e4 h3 24.d5 Qe5 25.Qb4 O-O-O 26.dxc6 Ba6 27.Bb2 hxg2 {#R} 0-1

[Event "Ch Schleswig Holstein (seniors)"]
[Site "masterchessopen.com Eckernfoerde (Germany)"]
[Date "2009.09.26"]
[Round "1"]
[White "Budt Karl-Heinz (GER)"]
[Black "Schierling Eckhard (GER)"]
[Result "1-0"]
[WhiteElo "2147"]
[BlackElo "1771"]

1.d4 d5 2.c4 c6 3.Nf3 e6 4.e3 Nd7 5.Nc3 Ngf6 6.Bd3 dxc4 7.Bxc4 Nb6 8.Bd3 g6
9.O-O Bg7 10.e4 O-O 11.e5 Nfd5 12.Ne4 h6 13.b3 Nd7 14.Ba3 Ne7 15.Nd6 c5
16.Bxc5 Nxc5 17.dxc5 Nc6 18.Qe2 Qa5 19.Rac1 Nb4 20.Bb1 Nd5 21.Rfd1 Qc7 22.Be4
Ne7 23.b4 Bd7 24.b5 Rab8 25.a4 Rfd8 26.Nxb7 Rxb7 27.Bxb7 Qxb7 28.c6 {#r} 1-0

[Event "Ch Russia (seniors)"]
[Site "masterchessopen.com Lesnoj gorodok (Russia)"]
[Date "2009.10.09"]
[Round "7"]
[White "Marinin Viktor (RUS)"]
[Black "Kuznetsov Fiodor (RUS)"]
[Result "1-0"]
[WhiteElo "2014"]
[BlackElo "1954"]

1.d4 d5 2.Nf3 Nf6 3.e3 Nbd7 4.c4 c6 5.Nc3 e6 6.Bd3 dxc4 7.Bxc4 b5 8.Bb3 a6
9.O-O Bb7 10.Qe2 Qc7 11.e4 Be7 12.Bg5 b4 13.Na4 Nh5 14.Rac1 Rc8 15.Qd2 Qd6
16.e5 Qb8 17.Bxe7 Kxe7 18.Qg5+ Nhf6 19.exf6+ gxf6 20.Qe3 {#r} 1-0

[Event "It (cat.3)"]
[Site "masterchessopen.com Borovo (Croatia)"]
[Date "2009.11.05"]
[Round "3"]
[White "Martic Zlatko (CRO)"]
[Black "Markovic Lazar (BIH)"]
[Result "1-0"]
[WhiteElo "2359"]
[BlackElo "2251"]

1.d4 d5 2.c4 c6 3.Nf3 Nf6 4.Nc3 e6 5.e3 Nbd7 6.Bd3 dxc4 7.Bxc4 b5 8.Bd3 Bb7
9.O-O a6 10.e4 c5 11.d5 e5 12.b3 g6 13.Bb2 Bg7 14.Rb1 O-O 15.h4 Re8 16.Bc1 h5
17.Bg5 Qb6 18.Nh2 Rab8 19.g4 hxg4 20.Nxg4 Nxg4 21.Qxg4 Nf6 22.Qg2 Bc8 23.Be2
b4 24.Nd1 Qa5 25.Ne3 Bb7 26.Rb2 Qa3 27.Nc4 {#r} 1-0

[Event "Czech League 2009/10 (2nd) (e)"]
[Site "masterchessopen.com Czech Republic"]
[Date "2009.11.08"]
[Round "2"]
[White "Knotek Josef (CZE)"]
[Black "Berisha Fadil (SRB)"]
[Result "1-0"]
[WhiteElo "2032"]
[BlackElo "2025"]

1.d4 d5 2.Nf3 c6 3.e3 Nf6 4.c4 e6 5.Nc3 Nbd7 6.Bd3 dxc4 7.Bxc4 b5 8.Bd3 Bb7
9.a3 b4 10.axb4 Bxb4 11.O-O c5 12.Qe2 cxd4 13.exd4 O-O 14.Bg5 Be7 15.Rfc1 h6
16.Bf4 Nd5 17.Nxd5 Bxd5 18.Bc7 Qe8 19.Bb5 Bd8 20.Ne5 Bxc7 21.Rxc7 {#r} 1-0

[Event "It (open) \"]
[Site "masterchessopen.com Perm (Russia)"]
[Date "2009.11.08"]
[Round "0"]
[White "Kuznetsov Mikhail V (RUS)"]
[Black "Smirnov Alexey (RUS)"]
[Result "0-1"]
[WhiteElo "2147"]
[BlackElo "2415"]

1.d4 d5 2.Nf3 Nf6 3.c4 c6 4.Nc3 e6 5.e3 Nbd7 6.Bd3 dxc4 7.Bxc4 b5 8.Bd3 Bb7
9.e4 b4 10.Na4 c5 11.e5 Nd5 12.dxc5 Nxc5 13.Nxc5 Bxc5 14.Qa4+ Kf8 15.O-O h6
16.Ba6 Bxa6 17.Qxa6 g6 18.Nd2 Kg7 19.Ne4 Bd4 20.Re1 Bxe5 21.Nc5 Bxh2+ 22.Kf1
{#R} 0-1

[Event "Ch World (juniors) (under 12) (g)"]
[Site "masterchessopen.com Kemer (Turkey)"]
[Date "2009.11.19"]
[Round "8"]
[White "Kisteneva Liza (RUS)"]
[Black "Valieva Rufina (RUS)"]
[Result "1-0"]
[WhiteElo "1797"]
[BlackElo "1979"]

1.d4 Nf6 2.Nf3 d5 3.c4 c6 4.Nc3 e6 5.e3 Nbd7 6.Bd3 dxc4 7.Bxc4 b5 8.Bd3 Bb7
9.e4 b4 10.Nb1 c5 11.e5 Nd5 12.dxc5 Bxc5 13.Nbd2 Nf4 14.Ne4 Nxd3+ 15.Qxd3 Bxe4
16.Qxe4 O-O 17.Ng5 g6 18.Qh4 h5 19.Bf4 Be7 20.Rd1 b3 21.O-O Qc7 22.Nxe6 fxe6
23.Qxe7 Rf7 24.Qxe6 Rf8 25.Qxb3 Kg7 26.e6 Qxf4 27.exf7 Rxf7 {#r} 1-0

[Event "Bayern Regionalliga Southwest 2009/10"]
[Site "masterchessopen.com Bayern (Germany)"]
[Date "2009.11.29"]
[Round "3"]
[White "Kolb Werner (GER)"]
[Black "Sajka Mariusz"]
[Result "0-1"]
[WhiteElo "1858"]
[BlackElo "2027"]

1.d4 d5 2.c4 c6 3.Nf3 Nf6 4.Nc3 e6 5.e3 Nbd7 6.Bd3 dxc4 7.Bxc4 b5 8.Bb3 Bb7
9.O-O b4 10.Ne2 Bd6 11.Ng3 h5 12.h4 Qc7 13.Qe2 a5 14.Bc4 c5 15.b3 Bxg3 16.fxg3
Ne4 17.Qc2 Nxg3 18.Bxe6 Nxf1 19.Bxf7+ Kxf7 20.Ng5+ Ke7 {#R} 0-1

[Event "It (open)"]
[Site "masterchessopen.com Marseilles (France)"]
[Date "2009.12.27"]
[Round "4"]
[White "Fayette Sylvain (FRA)"]
[Black "Mullon Jean-Baptiste (FRA)"]
[Result "0-1"]
[WhiteElo "2023"]
[BlackElo "2357"]

1.d4 d5 2.c4 c6 3.Nf3 Nf6 4.e3 e6 5.Nc3 Nbd7 6.Bd3 dxc4 7.Bxc4 b5 8.Bd3 b4
9.Ne2 Bb7 10.O-O c5 11.Ng3 Qb6 12.Qe2 Be7 13.dxc5 Nxc5 14.Bb5+ Kf8 15.Rd1 h5
16.Ne5 h4 17.Nf1 h3 18.g4 Nfe4 19.f3 Nd6 20.Bd3 Rd8 21.Nc4 Qc6 22.Ncd2 Nxd3
23.Qxd3 Nf5 24.Qe2 Ba6 25.Qf2 Bh4 26.Ng3 Bxg3 27.hxg3 h2+ 28.Kh1 Be2 {#R} 0-1

[Event "It (open)"]
[Site "masterchessopen.com Marseilles (France)"]
[Date "2009.12.28"]
[Round "6"]
[White "Valles Manuel (FRA)"]
[Black "Mullon Jean-Baptiste (FRA)"]
[Result "0-1"]
[WhiteElo "2142"]
[BlackElo "2357"]

1.d4 d5 2.c4 c6 3.Nc3 Nf6 4.e3 e6 5.Nf3 Nbd7 6.Bd3 dxc4 7.Bxc4 b5 8.Be2 Bb7
9.O-O a6 10.e4 c5 11.d5 exd5 12.e5 Ne4 13.Nxd5 c4 14.Qd4 Nec5 15.Ng5 Nb6 16.e6
Bxd5 17.exf7+ Bxf7 18.Qe5+ Qe7 19.Nxf7 Kxf7 20.Bh5+ Kg8 21.Qc3 Qf6 22.Qh3 g6
23.Bf3 Re8 24.Be3 h5 25.Rad1 Nd3 26.Bxb6 Qxb6 27.Qd7 Re7 {#R} 0-1

[Event "Memorial P.Dubinin (open)"]
[Site "masterchessopen.com Nizhnij Novgorod (Russia)"]
[Round "0"]
[White "Gavrilov Nikolay S (RUS)"]
[Black "Vladykin Vasily M (RUS)"]
[Result "0-1"]
[WhiteElo "2045"]
[BlackElo "1877"]

1.d4 d5 2.c4 c6 3.Nf3 Nf6 4.e3 e6 5.Nc3 Nbd7 6.Bd3 dxc4 7.Bxc4 b5 8.Bb3 Bb7
9.O-O a6 10.Qe2 c5 11.dxc5 Bxc5 12.Rd1 Qb6 13.Bc2 Rd8 14.a3 Qc6 15.e4 Qc7
16.Bg5 Rc8 17.h3 O-O 18.Bh4 h6 19.Bg3 Qxg3 {#R} 0-1

[Event "Ch City"]
[Site "masterchessopen.com Kimry (Russia)"]
[Date "2010.01.03"]
[Round "2"]
[White "Mikhailov Ivan (RUS)"]
[Black "Dobrovolsky Konstantin (RUS)"]
[Result "0-1"]
[WhiteElo "1974"]
[BlackElo "2209"]

1.d4 d5 2.c4 c6 3.Nc3 Nf6 4.Nf3 e6 5.e3 Nbd7 6.Bd3 dxc4 7.Bxc4 b5 8.Bb3 Bb7
9.O-O a6 10.a3 c5 11.d5 exd5 12.Bxd5 Nxd5 13.Nxd5 Nf6 14.Nxf6+ Qxf6 15.Qe2 Bd6
16.Rd1 O-O 17.e4 Rfe8 18.Nd2 Rad8 19.f3 Qd4+ 20.Kh1 f5 21.Nf1 Qf6 22.Ng3 Bxg3
23.Rxd8 Qxd8 24.hxg3 fxe4 25.f4 e3 26.Bxe3 Qd5 27.Re1 Rxe3 {#R} 0-1

[Event "Ch Australia (major)"]
[Site "masterchessopen.com Sydney (Australia)"]
[Date "2010.01.07"]
[Round "5"]
[White "Schuetz Fred"]
[Black "Wan Kinto (AUS)"]
[Result "0-1"]
[WhiteElo "1320"]
[BlackElo "1759"]

1.Nf3 d5 2.d4 Nf6 3.c4 e6 4.Nc3 Nbd7 5.e3 c6 6.Bd3 dxc4 7.Bxc4 b5 8.Bd3 Bb7
9.O-O b4 10.Na4 c5 11.Nxc5 Bxc5 12.dxc5 Nxc5 13.Bb5+ Ke7 14.Nd4 Qd5 15.f3 Rhd8
16.Qe2 Kf8 17.Bd2 e5 18.Bc4 Qd6 19.Rad1 exd4 20.exd4 Ncd7 21.Qe1 Qxd4+ 22.Kh1
Qxc4 23.Bxb4+ Kg8 24.Rc1 Qe6 25.Qg3 Rac8 26.Rc7 Rxc7 27.Qxc7 Rc8 {#R} 0-1

[Event "Ch PriFO (open)"]
[Site "masterchessopen.com Naberezhnye Chelny (Russia)"]
[Date "2010.01.19"]
[Round "1"]
[White "Afanasiev Dmitry (RUS)"]
[Black "Nagimov Artiom (RUS)"]
[Result "0-1"]
[WhiteElo "2048"]
[BlackElo "2292"]

1.d4 d5 2.c4 c6 3.Nc3 Nf6 4.Nf3 e6 5.e3 Nbd7 6.Bd3 dxc4 7.Bxc4 b5 8.Bd3 Bb7
9.O-O a6 10.e4 c5 11.e5 Nd5 12.Ne4 cxd4 13.Bg5 Qb8 14.Re1 Bb4 15.Rc1 O-O
16.Nf6+ gxf6 17.Bxh7+ Kxh7 18.Re4 fxg5 19.Nxg5+ Kg6 20.Nxe6 fxe6 21.Rh4 Rh8
22.Rg4+ Kf7 23.Qf3+ N5f6 24.Qg3 Nxg4 {#R} 0-1

[Event "Tournament \"]
[Site "masterchessopen.com Cheliabinsk (Russia)"]
[Date "2010.03.04"]
[Round "9"]
[White "Subbotin Valery (RUS)"]
[Black "Eryshkanova Anastasiya (RUS)"]
[Result "0-1"]
[WhiteElo "2026"]
[BlackElo "2175"]

1.d4 d5 2.c4 c6 3.Nc3 Nf6 4.e3 e6 5.Bd3 dxc4 6.Bxc4 Nbd7 7.Nf3 b5 8.Bd3 Bb7
9.e4 b4 10.Na4 Qa5 11.O-O c5 12.Re1 Be7 13.b3 cxd4 14.Nxd4 Rd8 15.Bb2 O-O
16.Qe2 Ne5 17.Bc2 Ng6 18.Rad1 Nd7 19.Qg4 Nc5 20.Nxc5 Bxc5 21.Nf5 exf5 22.exf5
Rxd1 23.Rxd1 Qb6 24.fxg6 Bxf2+ 25.Kh1 hxg6 {#R} 0-1

[Event "Ch Region"]
[Site "masterchessopen.com Lipetsk (Russia)"]
[Date "2010.03.27"]
[Round "6"]
[White "Koshelev Alexey (RUS)"]
[Black "Izhokin Igor (RUS)"]
[Result "1-0"]
[WhiteElo "1829"]
[BlackElo "1966"]

1.d4 d5 2.c4 c6 3.Nf3 Nf6 4.Nc3 e6 5.e3 Nbd7 6.Bd3 dxc4 7.Bxc4 b5 8.Bd3 Bb7
9.O-O a6 10.b3 c5 11.Bb2 Be7 12.Rc1 O-O 13.Bb1 Rc8 14.Re1 Qb6 15.dxc5 Nxc5
16.b4 Nce4 17.Nxe4 Bxe4 18.Rxc8 Rxc8 19.Bxf6 Bxf3 20.Qd7 Rc7 21.Qe8+ Bf8
22.Bd4 Qc6 23.Bxh7+ Kxh7 24.Qxf8 e5 25.Bxe5 Qg6 26.Bg3 Bb7 27.Qd6 Qc2 28.Qxc7
{#r} 1-0

[Event "Ch Hungary (team) 2009/10"]
[Site "masterchessopen.com Hungary"]
[Date "2010.04.11"]
[Round "9"]
[White "Zsinka Laszlo (HUN)"]
[Black "Taskovits Istvan (HUN)"]
[Result "1-0"]
[WhiteElo "2285"]
[BlackElo "2291"]

1.d4 d5 2.c4 c6 3.Nc3 Nf6 4.Nf3 e6 5.e3 Nbd7 6.Bd3 dxc4 7.Bxc4 b5 8.Be2 Bb7
9.a3 a6 10.b4 a5 11.Rb1 axb4 12.axb4 Be7 13.O-O O-O 14.e4 Nb6 15.Bg5 Na4
16.Nxa4 Rxa4 17.Bxf6 gxf6 18.Qd2 Qd6 19.Qh6 Rd8 20.e5 fxe5 21.dxe5 Qd5 22.Ng5
{#r} 1-0

[Event "Ch SibFO (open)"]
[Site "masterchessopen.com Irkutsk (Russia)"]
[Date "2010.05.16"]
[Round "2"]
[White "Tilicheev Viacheslav (RUS)"]
[Black "Tunik Sergey (RUS)"]
[Result "1-0"]
[WhiteElo "2343"]
[BlackElo "1970"]

1.d4 d5 2.c4 c6 3.Nf3 Nf6 4.e3 e6 5.Nc3 Nbd7 6.Bd3 dxc4 7.Bxc4 b5 8.Bd3 Bb7
9.O-O b4 10.Ne4 c5 11.Nxf6+ Qxf6 12.e4 Qd8 13.Bb5 f6 14.Ne5 fxe5 15.Qh5+ Ke7
16.Bg5+ Nf6 17.dxe5 Qb6 18.Bc4 h6 19.exf6+ gxf6 20.Bh4 Rg8 21.f3 Bg7 22.e5
Rgf8 23.Rfe1 Bc8 24.Rad1 Rb8 25.Rd6 Qa5 26.exf6+ {#r} 1-0

[Event "Ch SibFO (open)"]
[Site "masterchessopen.com Irkutsk (Russia)"]
[Date "2010.05.18"]
[Round "5"]
[White "Privalikhin Fedor (RUS)"]
[Black "Makarov Alexey (RUS)"]
[Result "1-0"]
[WhiteElo "2170"]
[BlackElo "1763"]

1.d4 d5 2.c4 c6 3.Nc3 Nf6 4.e3 e6 5.Nf3 Nbd7 6.Bd3 dxc4 7.Bxc4 b5 8.Bb3 Bb7
9.O-O Bd6 10.e4 e5 11.Bxf7+ Kxf7 12.Ng5+ Ke8 13.f4 exd4 14.e5 Nxe5 15.fxe5
Bxe5 16.Re1 Qb8 17.Bf4 Nd7 18.Qb3 dxc3 19.Rxe5+ Nxe5 20.Qe6+ Kf8 21.Bxe5 {#r}
1-0

[Event "It (open) \"]
[Site "masterchessopen.com St. Petersburg (Russia)"]
[Date "2010.06.16"]
[Round "1"]
[White "Grachev Alexey (RUS)"]
[Black "Shestiglazov Vladimir (RUS)"]
[Result "1-0"]
[WhiteElo "2111"]
[BlackElo "1704"]

1.c4 Nf6 2.d4 c6 3.Nf3 d5 4.Nc3 e6 5.e3 Nbd7 6.Bd3 dxc4 7.Bxc4 b5 8.Bb3 Bb7
9.O-O Be7 10.a3 O-O 11.e4 b4 12.axb4 Bxb4 13.e5 Nd5 14.Nxd5 exd5 15.Qd3 Qb6
16.Qf5 Qc7 17.Ng5 g6 18.Qh3 h5 19.g4 Bc8 20.Qh4 f6 21.Ne6 Qb6 22.gxh5 g5
23.Bxg5 Nxe5 24.dxe5 Bxe6 25.Bxf6 {#r} 1-0

[Event "It (open) \"]
[Site "masterchessopen.com St. Petersburg (Russia)"]
[Date "2010.06.18"]
[Round "3"]
[White "Mikhailov Ivan (RUS)"]
[Black "Shestiglazov Vladimir (RUS)"]
[Result "1-0"]
[WhiteElo "1974"]
[BlackElo "1704"]

1.d4 d5 2.c4 c6 3.Nc3 e6 4.e3 Nf6 5.Nf3 Nbd7 6.Bd3 dxc4 7.Bxc4 b5 8.Be2 Be7
9.O-O O-O 10.e4 b4 11.e5 bxc3 12.exf6 cxb2 13.fxe7 bxa1=Q 14.exd8=Q Rxd8
15.Qc2 {#r} 1-0

[Event "It (open) (b)"]
[Site "masterchessopen.com Hilversum (Netherlands)"]
[Date "2010.07.01"]
[Round "6"]
[White "Weverling Ferry (NED)"]
[Black "Vermeulen Bart (NED)"]
[Result "0-1"]
[WhiteElo "1848"]
[BlackElo "1851"]

1.d4 d5 2.c4 c6 3.Nf3 Nf6 4.Nc3 e6 5.e3 Nbd7 6.Bd3 dxc4 7.Bxc4 b5 8.Bd3 Bb7
9.O-O b4 10.Ne4 Nxe4 11.Bxe4 Bd6 12.Qc2 Rc8 13.Qa4 f5 14.Bd3 c5 15.Ne5 Bxe5
16.dxe5 Bc6 17.Bb5 Nxe5 18.f4 Bxb5 19.Qxb5+ Qd7 20.Qe2 Ng4 21.e4 Qd4+ 22.Kh1
Qxe4 23.Qa6 O-O 24.b3 Qd4 25.Rb1 Nf2+ 26.Rxf2 Qxf2 27.Qxe6+ Kh8 28.Bb2 Rce8
{#R} 0-1

[Event "It (open)"]
[Site "masterchessopen.com Joao Pessoa (Brazil)"]
[Date "2010.08.06"]
[Round "2"]
[White "De Azevedo Eduardo Jose E"]
[Black "Barbosa Paulo Eduardo Silva"]
[Result "0-1"]
[WhiteElo "1910"]
[BlackElo "2222"]

1.d4 d5 2.c4 e6 3.Nf3 c6 4.e3 Nf6 5.Nc3 Nbd7 6.Bd3 dxc4 7.Bxc4 b5 8.Bd3 b4
9.Ne4 Bb7 10.O-O c5 11.Nxc5 Nxc5 12.dxc5 Bxc5 13.Bb5+ Ke7 14.Qe2 Qb6 15.Bd3
Rhd8 16.Rd1 Rd7 17.Bd2 Rad8 18.Ne5 Rd5 19.f4 Ne4 20.Nc4 Rxd3 21.Nxb6 Rxd2
22.Rxd2 Rxd2 23.Qb5 Rxg2+ 24.Kf1 axb6 25.Rd1 Nd2+ 26.Ke1 Nf3+ 27.Kf1 Nxh2+
{#R} 0-1

[Event "It (open)"]
[Site "masterchessopen.com Tibor (Czech Republic)"]
[Date "2010.08.07"]
[Round "8"]
[White "Borkovec Milan (CZE)"]
[Black "Arslanov Shamil (RUS)"]
[Result "0-1"]
[WhiteElo "2247"]
[BlackElo "2383"]

1.d4 d5 2.c4 c6 3.Nc3 Nf6 4.e3 e6 5.Nf3 Nbd7 6.Bd3 dxc4 7.Bxc4 b5 8.Bd3 Bb7
9.O-O a6 10.e4 c5 11.e5 Nd5 12.Bg5 Qb6 13.dxc5 Nxc5 14.Bc2 h6 15.Nxd5 Bxd5
16.Be3 Qb7 17.b4 Nd7 18.a4 Bxb4 19.axb5 axb5 20.Qd4 Bc5 21.Qg4 Bxe3 22.Rxa8+
Qxa8 23.Qxg7 Ke7 24.fxe3 Rg8 25.Qh7 Bxf3 26.Rxf3 Qxf3 {#R} 0-1

[Event "Ch Germany (seniors)"]
[Site "masterchessopen.com Berlin (Germany)"]
[Date "2010.08.17"]
[Round "2"]
[White "Schneider Miloca (GER)"]
[Black "Mittermaier Walter (GER)"]
[Result "0-1"]
[WhiteElo "1969"]
[BlackElo "2132"]

1.d4 c6 2.c4 d5 3.e3 Nf6 4.Nf3 e6 5.Bd3 Nbd7 6.Nc3 dxc4 7.Bxc4 b5 8.Bd3 Bb7
9.O-O a6 10.e4 c5 11.e5 cxd4 12.exf6 dxc3 13.fxg7 Bxg7 14.bxc3 Nc5 15.Nd4 Qd5
16.Qg4 Bxd4 17.Rd1 O-O-O 18.Bc2 Rhg8 19.Rxd4 Rxg4 {#R} 0-1

[Event "Tournament (open)"]
[Site "masterchessopen.com Maralsay (Kazakhstan)"]
[Date "2010.08.19"]
[Round "2"]
[White "Zybin Stanislav (KAZ)"]
[Black "Aubakirov Azamat (KAZ)"]
[Result "1-0"]
[WhiteElo "2129"]
[BlackElo "2237"]

1.d4 d5 2.Nf3 Nf6 3.c4 c6 4.Nc3 e6 5.e3 Nbd7 6.Bd3 dxc4 7.Bxc4 b5 8.Bd3 Bd6
9.O-O O-O 10.Qe2 b4 11.Ne4 Nxe4 12.Bxe4 Bb7 13.Rd1 Qe7 14.b3 f5 15.Bd3 g5
16.e4 f4 17.e5 Bc7 18.Be4 Nb6 19.h3 Nd5 20.Bb2 Bb6 21.Nh2 c5 22.dxc5 Bxc5
23.Qh5 Kh8 24.Rac1 Rac8 25.Ng4 f3 26.Nf6 Nc3 27.Rd7 Nxe4 28.Qxh7+ {#r} 1-0

[Event "It (open)"]
[Site "masterchessopen.com Feffernitz (Austria)"]
[Date "2010.08.22"]
[Round "2"]
[White "Nabavi Parwis (SUI)"]
[Black "Oberbichler Robert (AUT)"]
[Result "1-0"]
[WhiteElo "2203"]
[BlackElo "1966"]

1.d4 d5 2.c4 c6 3.Nf3 Nf6 4.Nc3 e6 5.e3 Nbd7 6.Bd3 dxc4 7.Bxc4 b5 8.Bd3 Bb7
9.e4 a6 10.e5 Nd5 11.Nxd5 cxd5 12.O-O Be7 13.Bd2 O-O 14.Qb3 Qb6 15.Bb4 Bxb4
16.Qxb4 Nb8 17.Bxh7+ Kxh7 18.Qxf8 Qc7 19.Ng5+ Kg6 20.Qh8 Kxg5 21.Qxg7+ Kf5
22.f3 {#r} 1-0

[Event "Ch Germany (seniors)"]
[Site "masterchessopen.com Berlin (Germany)"]
[Date "2010.08.23"]
[Round "8"]
[White "Neudel Bernd (GER)"]
[Black "Schumacher Helmut (BEL)"]
[Result "0-1"]
[WhiteElo "1966"]
[BlackElo "2087"]

1.c4 e6 2.Nc3 d5 3.d4 c6 4.e3 Nf6 5.Nf3 Nbd7 6.Bd3 dxc4 7.Bxc4 b5 8.Be2 Bb7
9.O-O a6 10.b3 c5 11.dxc5 Bxc5 12.Bb2 O-O 13.Bd3 Qb6 14.h3 Rad8 15.Qe2 e5
16.e4 Rfe8 17.g3 Nh5 18.Kg2 Qg6 19.Nh4 Nf4+ 20.Kh2 Nxe2 21.Nxg6 Nxc3 {#R} 0-1

[Event "Tournament \"]
[Site "masterchessopen.com Moscow (Russia)"]
[Date "2010.09.04"]
[Round "1"]
[White "Yudkevich Mikhail (RUS)"]
[Black "Omariev Maksim (RUS)"]
[Result "0-1"]
[WhiteElo "2140"]
[BlackElo "2316"]

1.d4 d5 2.c4 c6 3.Nf3 Nf6 4.Nc3 e6 5.e3 Nbd7 6.Bd3 dxc4 7.Bxc4 b5 8.Bd3 Bd6
9.O-O O-O 10.Qc2 Bb7 11.a3 a6 12.Ng5 Bxh2+ 13.Kxh2 Ng4+ 14.Kg1 Qxg5 15.f3 Ngf6
16.e4 Qh4 17.e5 Qxd4+ {#R} 0-1

[Event "Tournament (open)"]
[Site "masterchessopen.com Sao Bernardo do Campo (Brazil)"]
[Date "2010.09.17"]
[Round "1"]
[White "Pinto Renato R Q"]
[Black "Medeiros Thauane Ferreira (BRA)"]
[Result "1-0"]
[WhiteElo "2170"]
[BlackElo "1808"]

1.d4 d5 2.Nf3 Nf6 3.c4 e6 4.Nc3 c6 5.e3 Nbd7 6.Bd3 dxc4 7.Bxc4 b5 8.Bd3 Bd6
9.O-O O-O 10.e4 e5 11.dxe5 Nxe5 12.Nxe5 Bxe5 13.h3 Re8 14.Be3 Bd4 15.Bxd4 Qxd4
16.Qc2 h6 17.Rad1 Qb6 18.Rfe1 Ba6 19.e5 Nh5 20.Qb3 Nf4 21.Bf1 b4 22.Rd7 Re6
23.Na4 Qa5 24.Bxa6 Qxa6 25.Nc5 Ne2+ 26.Kh1 Qb6 27.Qc4 Rxe5 28.Qxf7+ {#r} 1-0

[Event "Tournament \"]
[Site "masterchessopen.com Moscow (Russia)"]
[Date "2010.09.27"]
[Round "9"]
[White "Yudkevich Mikhail (RUS)"]
[Black "Drozdov Vladimir E (RUS)"]
[Result "1-0"]
[WhiteElo "2140"]
[BlackElo "2078"]

1.d4 d5 2.c4 c6 3.Nf3 Nf6 4.Nc3 e6 5.e3 Nbd7 6.Bd3 dxc4 7.Bxc4 b5 8.Bd3 Bb7
9.e4 a6 10.e5 Nd5 11.Nxd5 cxd5 12.O-O Be7 13.Bd2 O-O 14.Re1 Qb6 15.Ng5 h6
16.Nf3 Rfc8 17.Be3 b4 18.Qd2 Bf8 19.g4 a5 20.g5 h5 21.g6 f5 22.Ng5 f4 23.Bxf4
Qxd4 24.Bf5 Qxd2 25.Bxe6+ Kh8 26.Bxd2 {#r} 1-0

[Event "Bundesliga B East 2010/11"]
[Site "masterchessopen.com Austria"]
[Date "2010.10.02"]
[Round "1"]
[White "Lipka Juraj (SVK)"]
[Black "Neumeier Klaus (AUT)"]
[Result "1-0"]
[WhiteElo "2414"]
[BlackElo "2374"]

1.d4 d5 2.c4 c6 3.Nc3 Nf6 4.e3 e6 5.Nf3 Nbd7 6.Bd3 dxc4 7.Bxc4 b5 8.Be2 Bb7
9.O-O Be7 10.e4 b4 11.e5 bxc3 12.exf6 Bxf6 13.bxc3 c5 14.dxc5 Qc7 15.Ba3 Be7
16.Bb5 a6 17.Bxd7+ Qxd7 18.Qxd7+ Kxd7 19.c6+ Bxc6 20.Ne5+ {#r} 1-0

[Event "Tournament (open) \"]
[Site "masterchessopen.com Athens (Greece)"]
[Date "2010.10.14"]
[Round "3"]
[White "Petridis Evaggelos"]
[Black "Kahrimanis Spiridon"]
[Result "1-0"]
[WhiteElo "1818"]
[BlackElo "1682"]

1.d4 d5 2.c4 c6 3.Nc3 e6 4.Nf3 Nf6 5.e3 Nbd7 6.Bd3 dxc4 7.Bxc4 b5 8.Bd3 Bb7
9.O-O Be7 10.Re1 a6 11.e4 c5 12.e5 Nd5 13.Ne4 cxd4 14.Bg5 f6 15.Nxd4 Qb6
16.exf6 Qxd4 17.fxe7 Qb6 18.Qh5+ g6 19.Qh4 Rc8 20.Nd6+ Qxd6 21.Bxg6+ hxg6
22.Qxh8+ Kf7 23.Qh7+ Ke8 24.Qxg6# 1-0

[Event "Tournament (open)"]
[Site "masterchessopen.com Sao Bernardo (Brazil)"]
[Date "2010.10.15"]
[Round "1"]
[White "Morteira Santos Marcus V"]
[Black "Branquinho Eduardo M"]
[Result "1-0"]
[WhiteElo "2374"]
[BlackElo "1755"]

1.d4 d5 2.c4 c6 3.Nc3 Nf6 4.e3 e6 5.Nf3 Nbd7 6.Bd3 dxc4 7.Bxc4 b5 8.Bd3 Bb7
9.e4 b4 10.Na4 c5 11.e5 Nd5 12.O-O cxd4 13.Re1 Rc8 14.Nxd4 Nc7 15.Qg4 h5
16.Qg3 h4 17.Qg4 h3 18.Bg5 Be7 19.Bxe7 Qxe7 20.g3 g6 21.Rad1 O-O 22.Qxh3 Kg7
23.Be4 Rh8 24.Qg4 Nxe5 25.Qf4 Nd7 26.Bxb7 {#r} 1-0